| 000 | 00619nam a2200241Ia 4500 | ||
|---|---|---|---|
| 003 | OSt | ||
| 005 | 20221005035404.0 | ||
| 006 | a|||||r|||| 00| 0 | ||
| 007 | ta | ||
| 008 | 221004b |||||||| |||| 00| 0 eng d | ||
| 024 | _a51252 | ||
| 037 | _cTextual | ||
| 040 |
_aCRL _cCRL _beng |
||
| 041 |
_2eng _aeng |
||
| 082 | _aQ2:31B, M9 | ||
| 100 |
_aMishra Rajani _942614 |
||
| 245 | 0 |
_aBrahma worship _b Tradition and iconography |
|
| 260 |
_aDelhi _bKanishka _c1989 |
||
| 300 |
_a73p _ccm. |
||
| 650 | _aRELIGION | ||
| 942 |
_hQ2:31B, M9 _cTEXL _2cc |
||
| 999 |
_c945067 _d945067 |
||